| 000 | 00947pam a2200277 a 4500 | ||
|---|---|---|---|
| 999 |
_c441 _d441 |
||
| 001 | 707198 | ||
| 003 | GZU | ||
| 005 | 20200827141722.0 | ||
| 008 | 970313s1997 mau b 001 0 eng | ||
| 010 | _a 97005458 | ||
| 020 | _a1557864489 (hardback : alk. paper) | ||
| 020 | _a1557864497 (pbk. : alk. paper) | ||
| 040 |
_aDLC _cDLC _dDLC |
||
| 050 | 0 | 0 |
_aBL51 _b.TAL 1997 |
| 100 | 1 |
_aTaliaferro, Charles. _eauthor |
|
| 245 | 1 | 0 |
_aContemporary philosophy of religion / _cCharles Taliaferro. |
| 260 |
_aMalden, Mass. : _bBlackwell, _c1998. |
||
| 300 |
_ax, 435 p. ; _c24 cm. |
||
| 490 | 1 | _aContemporary philosophy | |
| 500 | _aIncludes bibliographical references (p. 394-419) and index. | ||
| 504 | _aIncludes bibliographical references (p. 394-419) and index. | ||
| 650 | 0 |
_aReligion _xPhilosophy. |
|
| 830 | 0 | _aContemporary philosophy (Cambridge, Mass.) | |
| 906 |
_a7 _bcbc _corignew _d1 _eocip _f19 _gy-gencatlg |
||
| 942 |
_2lcc _cBK _h51 _iTAL _kBL |
||